Fireflies, glow-worms, and lightning bugs : (Record no. 620)

MARC details
000 -LEADER
fixed length control field 01749pam a2200397 i 4500
005 - DATE AND TIME OF LATEST TRANSACTION
control field 20260322212027.0
008 - FIXED-LENGTH DATA ELEMENTS--GENERAL INFORMATION
fixed length control field data
010 ## - LIBRARY OF CONGRESS CONTROL NUMBER
LC control number 2016004962
020 ## - INTERNATIONAL STANDARD BOOK NUMBER
International Standard Book Number 9780820348728
Qualifying information alkaline paper
-- alkaline paper
020 ## - INTERNATIONAL STANDARD BOOK NUMBER
International Standard Book Number 0820348724
Qualifying information alkaline paper
-- alkaline paper
024 8# - OTHER STANDARD IDENTIFIER
Standard number or code 40026877868
040 ## - CATALOGING SOURCE
Original cataloging agency DNAL/DLC
Language of cataloging eng
Description conventions rda
Transcribing agency AGL
Modifying agency NhCcYBP
-- OCLCQ
-- OCLCF
-- YDX
-- BTCTA
-- NhCcYBP
042 ## - AUTHENTICATION CODE
Authentication code pcc
043 ## - GEOGRAPHIC AREA CODE
Geographic area code n-cn---
-- n-cn---
050 00 - LIBRARY OF CONGRESS CALL NUMBER
Classification number QL596.L28
Item number F38 2017
070 0# - NATIONAL AGRICULTURAL LIBRARY CALL NUMBER
Classification number QL596.L28
Item number F38 2017
092 ## - LOCALLY ASSIGNED DEWEY CALL NUMBER (OCLC)
Classification number 595.7644 F387 2017
001 - CONTROL NUMBER
control field data
100 1# - MAIN ENTRY--PERSONAL NAME
Personal name Faust, Lynn Frierson,
Relator term author.
245 10 - TITLE STATEMENT
Title Fireflies, glow-worms, and lightning bugs :
Remainder of title identification and natural history of the fireflies of the eastern and central United States and Canada /
Statement of responsibility, etc. Lynn Frierson Faust.
246 30 - VARYING FORM OF TITLE
Title proper/short title Identification and natural history of the fireflies of the eastern and central United States and Canada
260 ## - PUBLICATION, DISTRIBUTION, ETC.
Name of publisher, distributor, etc. University of Georgia Press
Date of publication, distribution, etc. 2017
264 #1 - PRODUCTION, PUBLICATION, DISTRIBUTION, MANUFACTURE, AND COPYRIGHT NOTICE
Place of production, publication, distribution, manufacture Athens :
Name of producer, publisher, distributor, manufacturer The University of Georgia Press,
Date of production, publication, distribution, manufacture, or copyright notice [2017]
300 ## - PHYSICAL DESCRIPTION
Extent xvii, 356 pages ;
Dimensions 24 cm.
336 ## - CONTENT TYPE
Content type term text
Content type code txt
Source rdacontent
337 ## - MEDIA TYPE
Media type term unmediated
Media type code n
Source rdamedia
338 ## - CARRIER TYPE
Carrier type term volume
Carrier type code nc
Source rdacarrier
490 1# - SERIES STATEMENT
Series statement A Wormsloe Foundation nature book
504 ## - BIBLIOGRAPHY, ETC. NOTE
Bibliography, etc. note Includes bibliographical references and index.
505 0# - FORMATTED CONTENTS NOTE
Formatted contents note What genus is it? -- Fireflies around the world -- Frequently asked questions -- Eggs, larvae, and pupae -- Survival tactics and mimicry -- Parasites and predators -- Fieldwork, research, and filming -- Species accounts by genus.
650 #0 - SUBJECT ADDED ENTRY--TOPICAL TERM
Topical term or geographic name entry element Fireflies
Geographic subdivision United States.
650 #0 - SUBJECT ADDED ENTRY--TOPICAL TERM
Topical term or geographic name entry element Insects
651 #7 - SUBJECT ADDED ENTRY--GEOGRAPHIC NAME
Geographic name Canada.
Source of heading or term fast
Authority record control number or standard number (OCoLC)fst01204310
651 #7 - SUBJECT ADDED ENTRY--GEOGRAPHIC NAME
Geographic name United States.
Source of heading or term fast
Authority record control number or standard number (OCoLC)fst01204155
830 #0 - SERIES ADDED ENTRY--UNIFORM TITLE
Uniform title Wormsloe Foundation nature book.
Holdings
Withdrawn status Lost status Damaged status Not for loan Home library Current library Shelving location Date acquired Total checkouts Full call number Barcode Date last seen Price effective from Koha item type
        Fairview Fairview General stacks 22/03/2026   QL596.L28 F38 2017 BC0010637 22/03/2026 22/03/2026 Books